[Event "EU-ch U18 Girls 18th"]
[White "Farevaag, Evy"]
[Black "Chiarion, Elisa"]
[Site "Herceg Novi"]
[Round "9"]
[Result "1-0"]
[Date "2008.09.24"]
[WhiteElo "1771"]
[BlackElo "1897"]
[PlyCount "105"]
[EventDate "2008.09.15"]
[EventType "swiss"]
[EventRounds "9"]
[EventCountry "MNE"]
[SourceTitle "CBM 126 Extra"]
[Source "ChessBase"]
[SourceDate "2008.11.05"]
[SourceVersion "1"]
[SourceVersionDate "2008.11.05"]
[SourceQuality "1"]

1. d4 d5 2. e3 c5 3. c3 Nf6 4. Bd3 Nc6 5. f4 Bg4 6. Nf3 e6 7. 0-0 Bd6 8. Nbd2 0-0 9. Qe1 Bf5 10. Bxf5 exf5 11. Ne5 Re8 12. Qg3 Qb6 13. Qh3 cxd4 14. cxd4 Nxd4 15. exd4 Bxe5 16. fxe5 Qxd4+ 17. Kh1 Ng4 18. Qg3 Ne3 19. Qf2 Qb6 20. Rg1 Ng4 21. Qxb6 axb6 22. Rf1 Ne3 23. Rf2 Nc2 24. Rb1 Rxa2 25. Nb3 Nb4 26. Be3 Nd3 27. Rd2 Nxe5 28. Rxd5 Nc4 29. Bf2 Nxb2 30. Rd2 Ra4 31. Rdxb2 Rae4 32. h3 h6 33. Nd2 R4e7 34. Bxb6 Rd7 35. Nf3 Re4 36. Bf2 Ree7 37. Bg3 f6 38. Ne1 Kh7 39. Rb3 h5 40. Nd3 Kh6 41. Nc5 Rd2 42. Rxb7 Rxb7 43. Rxb7 Re2 44. Rb6 Rc2 45. Rb5 Re2 46. Nb3 Kg5 47. Nd4 Re4 48. Nxf5 Kg6 49. Bd6 Re8 50. Nh4+ Kh6 51. Rb7 Rg8 52. Nf5+ Kg5 53. Nxg7 1-0

[Event "EU-ch U18 Girls 18th"]
[White "Vladimirova, Maria"]
[Black "Farevaag, Evy"]
[Site "Herceg Novi"]
[Round "3"]
[Result "1-0"]
[Date "2008.09.17"]
[WhiteElo "2009"]
[BlackElo "1771"]
[PlyCount "43"]
[EventDate "2008.09.15"]
[EventType "swiss"]
[EventRounds "9"]
[EventCountry "MNE"]
[SourceTitle "CBM 126 Extra"]
[Source "ChessBase"]
[SourceDate "2008.11.05"]
[SourceVersion "1"]
[SourceVersionDate "2008.11.05"]
[SourceQuality "1"]

1. e4 c6 2. d4 d5 3. Nc3 dxe4 4. Nxe4 Bf5 5. Ng3 Bg6 6. Nf3 e6 7. Ne5 Ne7 8. Nxg6 Nxg6 9. Be3 Qa5+ 10. c3 Bd6 11. Ne4 Be7 12. Bd3 0-0 13. h4 Nxh4 14. Kf1 Nd7 15. g3 Ng6 16. b4 Qd8 17. Qh5 f5 18. Bc4 Kf7 19. Qxf5+ Ke8 20. Qxe6 Qc7 21. Rxh7 Nh8 22. Rxg7 1-0

[Event "Bergen Sommer op-A"]
[White "Farevaag, Evy"]
[Black "Blom, Erlend R"]
[Site "Bergen"]
[Round "5"]
[Result "1/2-1/2"]
[Date "2007.08.09"]
[WhiteElo "1481"]
[BlackElo "1420"]
[PlyCount "30"]
[EventDate "2007.08.05"]
[EventType "swiss"]
[EventRounds "6"]
[EventCountry "NOR"]
[SourceTitle "CBM 119 Extra"]
[Source "ChessBase"]
[SourceDate "2007.09.04"]
[SourceVersion "1"]
[SourceVersionDate "2007.09.04"]
[SourceQuality "1"]

1. d4 Nf6 2. Bg5 e6 3. e3 d5 4. Nf3 Be7 5. Nbd2 0-0 6. Bd3 b6 7. 0-0 Bb7 8. Ne5 Nbd7 9. f4 Nxe5 10. fxe5 Ne4 11. Bxe7 Qxe7 12. c3 Qg5 13. Qe2 Nxd2 14. Qxd2 f6 15. exf6 Rxf6 1/2-1/2

[Event "Bergen Sommer op-A"]
[White "Farevaag, Evy"]
[Black "Larsen, Stig Borje"]
[Site "Bergen"]
[Round "1"]
[Result "0-1"]
[Date "2007.08.05"]
[WhiteElo "1481"]
[BlackElo "1826"]
[PlyCount "78"]
[EventDate "2007.08.05"]
[EventType "swiss"]
[EventRounds "6"]
[EventCountry "NOR"]
[SourceTitle "CBM 119 Extra"]
[Source "ChessBase"]
[SourceDate "2007.09.04"]
[SourceVersion "1"]
[SourceVersionDate "2007.09.04"]
[SourceQuality "1"]

1. d4 Nf6 2. Bg5 g6 3. Bxf6 exf6 4. e3 d5 5. Nf3 Bd6 6. g3 Be6 7. Nbd2 Nd7 8. b3 Bb4 9. Bg2 Bc3 10. Rb1 0-0 11. 0-0 Qe7 12. a4 Qb4 13. h3 f5 14. Qe2 Nf6 15. Rfd1 c6 16. Rbc1 Qa5 17. Ne5 c5 18. Ndf3 Ne4 19. dxc5 Qxc5 20. Nd4 Bxd4 21. exd4 Nc3 22. Qe1 Qc7 23. Rd2 Rac8 24. h4 Rfe8 25. Qe3 f6 26. Nd3 Bf7 27. Qf3 Ne4 28. Re2 Qc3 29. Qe3 Nd6 30. Qf3 Rxe2 31. Qxe2 Re8 32. Qf3 Qxd4 33. Rd1 Ne4 34. Re1 Kg7 35. Qf4 Qc3 36. Qc1 Rc8 37. Re2 Qxd3 38. Qh6+ Kxh6 39. cxd3 Rc1+ 0-1